| 000 | 01255nam a22003497a 4500 | ||
|---|---|---|---|
| 003 | CHAP | ||
| 005 | 20220329133846.0 | ||
| 008 | 971013s1976 mx r 00010 spa d | ||
| 010 | _a11884 | ||
| 011 | _a12856 | ||
| 035 | _a16579 | ||
| 040 | _cCHAP | ||
| 090 | _aTesis | ||
| 100 | 0 | 0 |
_aTorres Campos, Javier Martín. _9114064 |
| 245 | 1 | 0 | _aEpifitiología y control químico de la roya del duraznero Tranzschelia pruni-spinosae (Pers.) Diet. en Aguascalientes |
| 260 |
_aChapingo, Méx. : _bEl autor, _c1976 |
||
| 300 | _a62 h. ilus. gráfs. | ||
| 502 | _aTesis (Ing. Agr. Esp. en Parasitología Agrìcola) -- ENA. Departamento de Parasitología Agrìcola | ||
| 590 |
_aALEPH _b10 _c20130110 _lUCH01 _h1230 |
||
| 590 |
_aBATCH-UPD _b10 _c20130110 _lUCH01 _h0019 |
||
| 590 |
_aBATCH-UPD _b10 _c20130110 _lUCH01 _h2211 |
||
| 590 |
_aBATCH-UPD _b10 _c20130410 _lUCH01 _h1514 |
||
| 590 |
_aBATCH-UPD _b10 _c20130914 _lUCH01 _h1223 |
||
| 590 |
_aCONVERSION _b10 _c20130109 _lUCH01 _h1308 |
||
| 650 | 0 | 4 |
_aDurazno _xAguascalientes. _934572 |
| 650 | 0 | 4 |
_aRoya del durazno. _9100385 |
| 901 | _aBK | ||
| 942 | _cFOLL | ||
| 949 |
_bBC _cTES _d-152816 _eTS1 _i16579 _si |
||
| 949 |
_bBC _cTES _d-152817 _eTS2 _fc.2 _i16579 _si |
||
| 949 |
_bBC _cTES _d-152818 _eTS2 _fc.3 _i16579 _si |
||
| 999 |
_c11884 _d11884 |
||